Представление документа в формате RUSMARC

ПолеНазваниеЗначение
  Тип записи a
  Библиографический уровень m
001 Контрольный номер UONB/MAIN/899b3eb84c6742fa98ebc649c7df1b1f
005 Дата корректировки 20260415173526.3
011 Индекс ISSN __
9 Тираж 300 экз.
100 Данные общей обработки __
a Данные общей обработки 20260415a2026 m##d0rusy0189 ca
101 Язык документа 0_
a Язык текста rus
102 Страна публикации __
a Страна публикации RU
200 Заглавие и сведения об ответственности 1_
a Заглавие № 26 (2832) (10 апреля)
203 Вид содержания и тип средства __
a Вид содержания Текст
b Характеристика содержания визуальный
c Тип средства непосредственный
c Тип средства электронный
210 Выходные данные 1_
d Дата издания 2026
325 Примечание о копии 1_
a Текст примечания Имеется электрон. копия
337 Примечание о системных требованиях (электронные ресурсы) __
a Примечание о системных требованиях (электронные ресурсы) Режим доступа: для авториз. пользователей
461 Уровень набора _0
1 001UONB/MAIN/cf08b57a45934925ab0bdae841b5a99d
1 2001
a Ульяновск сегодня
f учредитель Муниципальное бюджетное учреждение "Редакция газеты "Ульяновск сегодня"
e у города есть своя газета!
v № 26 (2832) (10 апреля)
1 2101
a Ульяновск
d 2008-
1 300
a Выходит 2 раза в неделю
1 333
a 16+
801 Источник записи _0
a Страна RU
b Организация Ульяновская ОНБ
c Дата составления 20260415
g Правила каталогизации RCR
801 Источник записи _1
a Страна RU
b Организация Ульяновская ОНБ
c Дата составления 20260415
g Правила каталогизации RCR
900 Электронные ресурсы __
a Имя электронного ресурса Обложка из ЭЛД-5528-Ульяновск сегодня 2026 № 26 (2832) (10 апреля)
900 Электронные ресурсы __
a Имя электронного ресурса ЭЛД-5528-Ульяновск сегодня 2026 № 26 (2832) (10 апреля)
901 Тип документа __
t Тип документа h
w Контрольный № источника UONB/MAIN/cf08b57a45934925ab0bdae841b5a99d
909 Создатель записи __
b Дата создания записи 20260415
a Создатель записи Егорова Э. А.
910 Корректоры записи __
a Корректор записи Егорова Т. С.
b Дата внесения изменения в запись 20260415